Personnages d'anime en images - R - Statistiques

Statistiques générales
  • Ce quiz a été pris 393 fois
    386 depuis la dernière actualisation
  • Le résultat moyen est 8 sur 19
Statistiques - réponses
Par images Réponse % Correct
Rock Lee
89%
Ryuk
89%
Nico Robin
85%
Kyojuro Rengoku
81%
Reiner Braun
79%
Rukia Kuchiki
54%
Ram
45%
Ray
44%
Red
41%
Ryōta Kise
32%
Ranma Saotome
30%
Raphtalia
25%
Rin Matsuoka
22%
Rémi
21%
Rohan Kishibe
20%
Revy
17%
Reki Kyan
10%
Rolo Lamperouge
6%
Ritsuko Akagi
3%
Aucun quiz correspondant
Distribution des résultats
% des personnes avec chaque résultat
Percentile par nombre de réponses
Votre historique - résultats
Vous n’avez pas pris ce quiz depuis la dernière actualisation